000 00610nam a2200217 4500
001 sa 68012027
003 DLC
005 20260227112606.0
008 691024s1968 ii b 00000 eng
010 _asa 68012027
025 _aPL480:I-E-10944
050 0 _aDS421
_b.R37 1968
082 _a915.4/03
100 1 0 _aRaza, Hamid.
245 1 _aThe cultural role of India.
_cWith a foreword by S. Radhakrishnan. Introd. by Muhammad Habid.
260 0 _aDelhi,
_bNational
_c[1968]
300 _a162 p.
_c22 cm.
350 _a16.50
504 _aBibliography: p. [137]-156.
651 0 _aIndia
_xCivilization.
999 _c84256
_d84256